| 000 | 01099cam a22003013a 4500 | ||
|---|---|---|---|
| 001 | 39918 | ||
| 003 | PGUSA | ||
| 005 | 20140828083905.0 | ||
| 008 | 120604s2012||||xxu|||||s|||||000 | eng d | ||
| 040 |
_aPGUSA _beng |
||
| 042 | _adc | ||
| 050 | 4 | _aF850.5 | |
| 100 | 1 |
_aBrowne, J. Ross _q(John Ross), _d1821-1875 |
|
| 245 | 1 | 0 |
_aCrusoe's Island : _bA Ramble in the Footsteps of Alexander Selkirk : With Sketches of Adventure in California and Washoe _h[electronic resource] / _cJ. Ross Browne |
| 260 |
_bProject Gutenberg, _c2012 |
||
| 505 | 0 | _aCrusoe's island -- A dangerous journey -- Observations in office -- A peep at Washoe. | |
| 506 | _aPublic domain in the USA. | ||
| 516 | _aElectronic text | ||
| 653 | _aCalifornia -- Social life and customs | ||
| 653 | _aPacific States -- Description and travel | ||
| 653 | _aWashoe County (Nev.) | ||
| 653 | _aEthnic groups -- California | ||
| 653 | _aJuan Fernández Islands | ||
| 653 | _aMines and mineral resources -- California | ||
| 830 | 0 |
_aProject Gutenberg _v39918 |
|
| 856 | 4 | 0 | _uhttp://www.gutenberg.org/ebooks/39918 |
| 942 | _cEB | ||
| 999 |
_c269171 _d269171 |
||